[Event "IECC CL5-2000.08"]
[Site "IECC email"]
[Date "2000.01.07"]
[Round "?"]
[White "Hervas, Fernando"]
[Black "Steck, Ed"]
[Result "1/2-1/2"]
[WhiteElo "1521"]
[BlackElo "1460"]
[PlyCount "45"]
[EventDate "2000.??.??"]
[EventType "tourn (corr)"]
[EventRounds "4"]
[SourceTitle "Corr 2008"]
[Source "ChessBase"]
[SourceDate "2008.06.24"]
[SourceVersion "1"]
[SourceVersionDate "2008.06.24"]
[SourceQuality "1"]

1. d4 Nf6 2. c4 g6 3. g3 Bg7 4. Bg2 0-0 5. Nc3 d6 6. Nf3 c6 7. 0-0 Bg4 8. h3 Bxf3 9. Bxf3 Nbd7 10. Bg2 Rc8 11. e4 e5 12. d5 c5 13. b3 Nh5 14. Bb2 a6 15. Bf3 Ndf6 16. Qd2 Qd7 17. Bg2 h6 18. a3 Nh7 19. Kh2 f5 20. exf5 Rxf5 21. g4 Nf4 22. gxf5 Qxf5 23. Qe3 1/2-1/2

[Event "IECC CL5-1999.07"]
[Site "IECC email"]
[Date "1999.02.24"]
[Round "?"]
[White "Steck, Ed"]
[Black "Bergeron, Michel"]
[Result "1/2-1/2"]
[WhiteElo "1478"]
[BlackElo "1474"]
[PlyCount "41"]
[EventDate "1999.??.??"]
[EventType "tourn (corr)"]
[EventRounds "4"]
[SourceTitle "Corr 2008"]
[Source "ChessBase"]
[SourceDate "2008.06.24"]
[SourceVersion "1"]
[SourceVersionDate "2008.06.24"]
[SourceQuality "1"]

1. d4 e6 2. c4 f5 3. e4 fxe4 4. Nc3 Nf6 5. Bg5 Be7 6. Bxf6 Bxf6 7. Nxe4 0-0 8. Nf3 b6 9. Be2 Bb7 10. Nxf6+ Qxf6 11. 0-0 d6 12. Qd2 Nd7 13. Rac1 Qg6 14. d5 e5 15. Qg5 Qf7 16. Bd3 Nc5 17. Bb1 a5 18. Qh4 h6 19. b3 Rae8 20. Nd2 Bc8 21. Rc3 1/2-1/2

[Event "IECC CL5-1999.07"]
[Site "IECC email"]
[Date "1999.02.24"]
[Round "?"]
[White "Varley, Trevor"]
[Black "Steck, Ed"]
[Result "1-0"]
[WhiteElo "1431"]
[BlackElo "1445"]
[PlyCount "105"]
[EventDate "1999.??.??"]
[EventType "tourn (corr)"]
[EventRounds "4"]
[SourceTitle "Corr 2008"]
[Source "ChessBase"]
[SourceDate "2008.06.24"]
[SourceVersion "1"]
[SourceVersionDate "2008.06.24"]
[SourceQuality "1"]

1. f4 d5 2. Nf3 Nf6 3. e3 c5 4. b3 Nc6 5. Bb2 Bf5 6. Be2 e6 7. Nh4 Bg6 8. Nxg6 hxg6 9. d3 d4 10. e4 Nh5 11. Bxh5 Qh4+ 12. g3 Qxh5 13. Qxh5 Rxh5 14. Nd2 Be7 15. 0-0-0 Kd7 16. Nf3 Rah8 17. c3 e5 18. fxe5 dxc3 19. Bxc3 Ke6 20. d4 cxd4 21. Bxd4 Ba3+ 22. Bb2 Bxb2+ 23. Kxb2 Nxe5 24. Nd4+ Ke7 25. h4 Kd7 26. Nf5+ Kc7 27. Nd4 g5 28. Nb5+ Kc6 29. a4 gxh4 30. Ka3 R8h6 31. Nxa7+ Kc5 32. gxh4 Nc6 33. Nxc6 Kxc6 34. Rhf1 f6 35. Rg1 Rxh4 36. Rxg7 Rxe4 37. Rdd7 b6 38. Rc7+ Kd5 39. Rgd7+ Ke6 40. Rd2 Rh3 41. Rc6+ Ke5 42. Rxb6 f5 43. a5 Rh7 44. b4 Re3+ 45. Ka4 f4 46. a6 Ra7 47. Kb5 Ra3 48. Rdd6 f3 49. Rf6 Ke4 50. Rbe6+ Kd5 51. Re8 Kd4 52. Rd6+ Kc3 53. Re3+ 1-0

[Event "IECC KO email"]
[Site "IECC email"]
[Date "1998.11.15"]
[Round "1"]
[White "Steck, Ed"]
[Black "Ross, John E"]
[Result "0-1"]
[WhiteElo "1509"]
[BlackElo "1088"]
[PlyCount "46"]
[EventDate "1998.??.??"]
[EventType "tourn (corr)"]
[EventRounds "6"]
[SourceTitle "Corr 2008"]
[Source "ChessBase"]
[SourceDate "2008.06.24"]
[SourceVersion "1"]
[SourceVersionDate "2008.06.24"]
[SourceQuality "1"]

1. d4 Nf6 2. e3 g6 3. Bd3 Bg7 4. c4 d5 5. Nc3 0-0 6. cxd5 Nxd5 7. Nf3 Nc6 8. 0-0 Bg4 9. h3 Bxf3 10. Qxf3 Nxc3 11. bxc3 Ne5 12. Qe2 Nxd3 13. Qxd3 c5 14. Rb1 b6 15. Rd1 cxd4 16. cxd4 Qd5 17. Rd2 Rad8 18. Ba3 Rfe8 19. Rb5 Qe6 20. d5 Qc8 21. Rc2 Qd7 22. e4 Rc8 23. Re2 Rc3 0-1

[Event "IECC CL5-1998.22"]
[Site "IECC email"]
[Date "1998.10.20"]
[Round "?"]
[White "Steck, Ed"]
[Black "Varley, Trevor"]
[Result "1/2-1/2"]
[WhiteElo "1403"]
[BlackElo "1419"]
[PlyCount "115"]
[EventDate "1998.??.??"]
[EventType "tourn (corr)"]
[EventRounds "4"]
[SourceTitle "Corr 2008"]
[Source "ChessBase"]
[SourceDate "2008.06.24"]
[SourceVersion "1"]
[SourceVersionDate "2008.06.24"]
[SourceQuality "1"]

1. d4 Nf6 2. c4 e6 3. e3 c5 4. d5 d6 5. e4 Nxe4 6. Bd3 exd5 7. cxd5 Nf6 8. Nc3 Bg4 9. f3 Bh5 10. Nge2 Be7 11. 0-0 0-0 12. Nf4 Bg6 13. Bxg6 hxg6 14. Re1 Nh5 15. Qe2 Bf6 16. Ne4 Bd4+ 17. Kf1 Na6 18. Qb5 Rb8 19. Ne2 Nc7 20. Qb3 Nf6 21. Nxd4 cxd4 22. Bg5 Nxe4 23. Bxd8 Nd2+ 24. Kg1 Nxb3 25. Bxc7 Nxa1 26. Bxb8 Rxb8 27. Rxa1 Rc8 28. Rd1 Rc2 29. Rxd4 Rxb2 30. Ra4 a6 31. a3 Kf8 32. h4 Ke7 33. g4 Rd2 34. Re4+ Kd7 35. Rf4 f6 36. g5 f5 37. h5 gxh5 38. Rxf5 Ke7 39. g6 h4 40. Rf7+ Ke8 41. Rxg7 Rxd5 42. Rxb7 Rg5+ 43. Kh2 Rxg6 44. Rb6 a5 45. Ra6 Rg3 46. Rxa5 Rxf3 47. Rd5 Kd7 48. a4 Rf4 49. a5 Ra4 50. Kh3 Kc6 51. Rh5 d5 52. Rxh4 Rxa5 53. Kg2 Kc5 54. Kf3 Ra2 55. Ke3 Rc2 56. Kd3 Rc4 57. Rxc4+ dxc4+ 58. Kc3 1/2-1/2